| 000 | 00617nam a22002051 4500 | ||
|---|---|---|---|
| 003 | OSt | ||
| 005 | 20150311184543.0 | ||
| 008 | 990201s1968 sp spa | ||
| 040 | _cBMC | ||
| 082 | _a853 | ||
| 100 | 1 |
_aSilone, Ignazio _d1900-1978 _929786 |
|
| 245 | 1 | 0 |
_aVino y pan _cIgnazio Silone ; [traductor, Carmen Martín Gaite] |
| 260 |
_aMadrid _bAlianza _c1968 |
||
| 300 |
_a292 p. _c18 cm |
||
| 490 | 0 |
_aEl libro de bolsillo. Sección, Literatura _v144 |
|
| 546 | _aTraducción de: Vino e pane | ||
| 650 | 2 | 4 |
_929384 _aNovela italiana |
| 700 | 1 |
_aMartín Gaite, Carmen _d1925-2000 _929354 |
|
| 942 |
_2ddc _cBK |
||
| 999 |
_c18364 _d18364 |
||